ბათუმის შოთა რუსთაველის სახელმწიფო უნივერსიტეტის ბიბლიოთეკა

ფერეიდნელი "გურჯები" / (ბიბ.ჩანაწერი № 56400)

000 -ლიდერი
ფიქსირებული სიგრძის საკონტროლო ველი 01630nam a2200265Ia 4500
001 - საკონტროლო ნომერი
საკონტროლო ველი 23513
003 - საკონტროლო ნომრის იდენტიფიკატორი
საკონტროლო ველი GE_BSU
005 - ბოლო ოპერაციის თარიღი და დრო
საკონტროლო ველი 20260213140703.0
008 - ფიქსირებული სიგრძის მონაცემთა ელემენტები - ზოგადი ინფორმაცია
ფიქსირებული სიგრძის საკონტროლო ველი 181216s1979||||ge |||||||||||||| ||geo||
040 ## - კატალოგიზაციის წყარო
Transcribing agency GE_BSU
041 ## - ენის კოდი
Language code of text/sound track or separate title geo
080 ## - უნივერსალური ათობითი კლასიფიკაციის ინდექსი
Universal Decimal Classification number 94(=353.1)(55) შ-25
100 ## - მთავარი ჩანაწერი - პიროვნების სახელი
Personal name შარაშენიძე, ზურაბ
9 (RLIN) 26891
245 ## - ცნობა სათაურის შესახებ
Title ფერეიდნელი "გურჯები" /
Statement of responsibility, etc ზურაბ შარაშენიძე ; რედაქტორი ა. გვახარია ; საქართველოს სსრ მეცნიერებათა აკადემია, გ. წერეთლის სახელობის აღმოსავლეთმცოდნეობის ინსტიტუტი.
264 ## - წარმოების, გამოცემის, დისტრიბუციის და სხვა ცნობები
გამოცემის, წარმოების, დისტრიბუციის... ადგილი თბილისი :
გამოცემის, წარმოების, დისტრიბუციის... სახელწოდება მეცნიერება,
გამოცემის, წარმოების, დისტრიბუციის... თარიღი 1979.
300 ## - ფიზიკური აღწერა
Extent 203 გვ. :
Other physical details ილ. ;
Dimensions 20 სმ.
500 ## - ზოგადი შენიშვნა
General note ზოგიერთი სიტყვის განმარტება გვ. 195-201
504 ## - BIBLIOGRAPHY, ETC. NOTE
Bibliography, etc ბიბლიოგრაფია : გვ. 202
653 ## - INDEX TERM--UNCONTROLLED
Uncontrolled term ფერეიდნელი "გურჯები
653 ## - INDEX TERM--UNCONTROLLED
Uncontrolled term ფერეიდნელი ქართველები
700 ## - ADDED ENTRY--PERSONAL NAME
Personal name გვახარია, ა.
Relator term რედაქტორი
9 (RLIN) 16202
710 ## - ADDED ENTRY--CORPORATE NAME
Corporate name or jurisdiction name as entry element საქართველოს სსრ მეცნიერებათა აკადემია
Subordinate unit გ. წერეთლის სახელობის აღმოსავლეთმცოდნეობის ინსტიტუტი
9 (RLIN) 26892
942 ## - ADDED ENTRY ELEMENTS (KOHA)
Koha item type წიგნი
Source of classification or shelving scheme
ეგზემპლარები
ჩამოწერის სტატუსი დაკარგული ეგზემპლარის სტატუსი კლასიფიკაციის წყარო ან თაროზე გაწყობის სქემა დაზიანების სტატუსი არ გაიცემა მუდმივი მდებარეობა (დაცვის ადგილი) ამჟამინდელი ადგილსამყოფელი თაროზე განთავსების ადგილი შეძენის თარიღი ღირებულება, შესყიდვის ნორმალური ფასი სრული შენახვის შიფრი შტრიხკოდი ბოლო ოპერაციის თარიღი ეგზემპლარის მიმდევრობითი ნომერი (კეტერი?) ფასის ძალაში შესვლის თარიღი ეგზემპლარის სახეობა საჯარო შენიშვნა
          ბათუმის შოთა რუსთაველის სახელმწიფო უნივერსიტეტის მთავარი ბიბლიოთეკა ბათუმის შოთა რუსთაველის სახელმწიფო უნივერსიტეტის მთავარი ბიბლიოთეკა წიგნსაცავი 2018-12-17 3.00 94(=353.1)(55) შ-25 28428 2018-12-17 28428 2018-12-17 წიგნი 3.00 ₾.